| 000 | 00757nam a22002531 4500 | ||
|---|---|---|---|
| 001 | 7573 | ||
| 003 | BD-RjUL | ||
| 005 | 20211208234435.0 | ||
| 008 | 150114s1967 nyu b 000 0 eng | ||
| 035 | _a(BD-RjUL)7617 | ||
| 040 |
_aDLC/ICU _cICU _dDLC _dBD-RjUL _beng |
||
| 041 | _aeng | ||
| 082 | 0 | 0 |
_a519 _218 _bNOE 1967 |
| 100 | 1 |
_aNoether, Gottfried E. _q(Gottfried Emanuel) _923632 |
|
| 245 | 1 | 0 |
_aElements of nonparametric statistics / _cGottfried E. Noether. |
| 260 |
_aNew York : _bWiley, _cc1967. |
||
| 300 |
_ax, 104 p. ; _c24 cm. |
||
| 504 | _aBibliography: p. 97-99. | ||
| 650 | 0 |
_aNonparametric statistics. _921374 |
|
| 942 |
_2ddc _cBK |
||
| 999 |
_c7573 _d7573 |
||